Normal view
MARC view
Entry Topical Term
001 - CONTROL NUMBER
- control field: 31017
003 - CONTROL NUMBER IDENTIFIER
- control field: OSt
005 - DATE AND TIME OF LATEST TRANSACTION
- control field: 20220509150416.0
008 - FIXED-LENGTH DATA ELEMENTS
- fixed length control field: 220509|| aca||aabn | a|a d
040 ## - CATALOGING SOURCE
- Original cataloging agency: OSt
- Transcribing agency: OSt
150 ## - HEADING--TOPICAL TERM
- Topical term or geographic name entry element: Transparency, Good governance, Open government, Hiring, Executive search
670 ## - SOURCE DATA FOUND
- Source citation: Work cat.: (OSt): Rutherford, Amanda and Wightman, G. Breck 31016, Inside the push for good governance: Institutional predictors of administrative transparency in public organizations
